000 00977nam a2200253 a 4500
001 000017615
005 20210629084343.0
008 100329s1986 dr a 000 0 spa d
040 _aDO-SdBNP
_bspa
_cBNPHU
082 _a617.632
_bT233p
100 1 _aTaveras García, Héctor Darío
_911796
245 1 0 _aPeriodoncia :
_baspectos básicos generales de las enfermedades periodontales /
_cHéctor Darío Taveras García.
260 _aSanto Domingo :
_bUASD,
_c1986.
300 _a278 p. :
_bil. ;
_c27 cm.
490 1 _aPublicaciones de la Universidad Autónoma de Santo Domingo
_vv. 515
490 1 _aSalud y sociedad
_vv. 10
504 _aIncluye bibliográfias (p. 37 -39)
650 4 _aPeriodoncia
_938412
650 4 _aEnfermedades periodontales
_938413
650 4 _aEnfermedades periodontales
_xPrevención
_938414
830 _aPublicaciones de la Universidad Autónoma de Santo Domingo ;
_n1150
_911848
830 0 _aSalud y sociedad
_nno. 10
_938416
049 _aBNPD
999 _c17140
_d17140